Welcome to the Holygrace Academy Library

Please use search bar below to get started

GEMS OF WORLD SCIENTISTS (Record no. 1947)

MARC details
000 -LEADER
fixed length control field 00281nam a22001217a 4500
082 ## - DEWEY DECIMAL CLASSIFICATION NUMBER
Classification number 001
Item number ROB/G
100 ## - MAIN ENTRY--AUTHOR NAME
Personal name ROBINSON
245 ## - TITLE STATEMENT
Title GEMS OF WORLD SCIENTISTS
260 ## - PUBLICATION, DISTRIBUTION, ETC. (IMPRINT)
Place of publication BANGALORE
Name of publisher 1ST RANK PUBLICATIONS
Year of publication 2006
300 ## - PHYSICAL DESCRIPTION
Number of Pages 224
650 ## - SUBJECT ADDED ENTRY--TOPICAL TERM
Topical Term GENERAL KNOWLEDGE
Geographic subdivision INDIA
942 ## - ADDED ENTRY ELEMENTS (KOHA)
Koha item type Books
Holdings
Withdrawn status Lost status Collection code Home library Current library Shelving location Date acquired Source of acquisition Cost, normal purchase price Full call number Accession Number Koha item type
    Reference Main Library Main Library SHELF 1-D ENCYCLOPEDIAS G K REFERENCE 03/06/2017 purchase 950.00 001 ROB/G 04549 Books